000 00682nam a2200265Ia 4500
003 OSt
005 20221006152619.0
006 a|||||r|||| 00| 0
007 ta
008 221006b |||||||| |||| 00| 0 chi d
020 _a9787505943278
_cYu 26.00
024 _a29,063
037 _bGift, PRC
_cTextual
040 _aEASL
_cEASL
_bchi
041 _2chi
_achi
082 _aO41,3, P3
100 _aYANG Li
_9661184
245 0 _aQiangu kongzi
260 _aBeijing
_bZhonghua Wen Lian Chubanshe
_c2003
300 _a511p.
_ccm.
490 _v CL
650 _aCL
_9642733
942 _hO41,3, P3
_cTEXL
_2CC
999 _c1097149
_d1097149